00162nam a22000857a 4500082001500000100001100015245003000026260001100056300000900067 a297.923GHU aGhulam aMuhammad the Holy prophet alahore a425p